00418nam a22001577a 4500003000400000005001700004008004100021020001500062040000900077082001900086100003900105245005500144260003500199300000900234700001700243OSt20260324111820.0191010b ||||| |||| 00| 0 eng d a8184231334 coclc a891.443bBAN/A aBandyopadhyaya, Bibhoothibhooshan aApuvinte Lokam /cBibhoothibhooshan Bandyopadhyaya aThrissur:bGreen Books,c2019. a280p aSarkar,Leela